Online Catalogue and eLibrary

The nation and its fragments : (Record no. 257)

MARC details
000 -LEADER
fixed length control field 00562pam a2200193 a 4500
001 - CONTROL NUMBER
control field 22560890
005 - DATE AND TIME OF LATEST TRANSACTION
control field 20240201023704.0
008 - FIXED-LENGTH DATA ELEMENTS--GENERAL INFORMATION
fixed length control field 930325s1993 nju ob 001 0 eng
020 ## - INTERNATIONAL STANDARD BOOK NUMBER
ISBN 9780691201429
040 ## - CATALOGING SOURCE (பட்டியலாக்க மூலம்)
Original cataloging agency DLC
Language of cataloging eng
Description conventions pn
Transcribing agency DLC
082 00 - DDC Classification
Class No. 954.03
DDC Edition Number 20
100 1# - MAIN ENTRY--PERSONAL NAME
Personal name Chatterjee, Partha,
245 14 - TITLE STATEMENT
Title The nation and its fragments :
Remainder of title colonial and postcolonial histories /
Statement of responsibility, etc. Partha Chatterjee.
260 ## - PUBLICATION, DISTRIBUTION, ETC.
Place of publication, distribution, etc. Princeton, N.J. :
Name of publisher, distributor, etc. Princeton University Press,
Date of publication, distribution, etc. 1993.
300 ## - PHYSICAL DESCRIPTION
Extent (e.g. Volumes, Pages etc.) xiii, 282 p.,
650 #0 - SUBJECT ADDED ENTRY--TOPICAL TERM
Topical term or geographic name entry element Nationalism
650 #0 - SUBJECT ADDED ENTRY--TOPICAL TERM
Topical term or geographic name entry element Nationalism
942 ## - Koha item type (Biblio)
Koha item type Books in Stacks (Lending)
Holdings
Lost status Damaged status Collection code Home library Current library Date acquired Full call number Accession Number Item type
    Lending WERC Library WERC Library 02/01/2024 954.03 4102 Books in Stacks (Lending)

© WERC Library